| 000 -CABECERA |
| Longitud fija campo de control |
00634nam a2200181 a 4500 |
| 001 - NÚMERO DE CONTROL |
| Número de control |
901 |
| 003 - IDENTIFICADOR DEL NÚMERO DE CONTROL |
| Identificador del número de control |
CDMR |
| 005 - FECHA Y HORA DE LA ÚLTIMA TRANSACCIÓN |
| Fecha y hora de la última transacción |
20131125132000.0 |
| 008 - CÓDIGOS DE INFORMACIÓN DE LONGITUD FIJA |
| Códigos de información de longitud fija |
130130s1988||||||||||||||||||||||||||||d |
| 040 ## - FUENTE DE LA CATALOGACIÓN |
| Centro catalogador de origen |
CDMR |
| Lengua de catalogación |
cat |
| Centro transcriptor |
CDMR |
| 100 1# - PUNTO DE ACCESO PRINCIPAL-NOMBRE DE PERSONA |
| Nombre de persona |
Desantes Guanter, José María |
| 9 (RLIN) |
218 |
| 245 13 - MENCIÓN DE TÍTULO |
| Título |
El deber profesional de informar |
| Resto del título |
: lección magistral leida en la apertura del curso 1988-89 |
| Mención de responsabilidad, etc. |
Jose Mª Desantes-Guanter |
| 260 ## - PUBLICACIÓN, DISTRIBUCIÓN, ETC. (PIE DE IMPRENTA) |
| Lugar de publicación, distribución, etc. |
Valencia |
| Fecha de publicación, distribución, etc. |
1988 |
| Nombre del editor, distribuidor, etc. |
Fundación Universitaria San Pablo CEU |
| 300 ## - DESCRIPCIÓN FÍSICA |
| Extensión |
48 p ; |
| Dimensiones |
21 cm |
| 500 ## - NOTA GENERAL |
| Nota general |
Lliçó magistral llegida a l'obertura del curs 1988-89 |
| 650 04 - PUNTO DE ACCESO ADICIONAL DE MATERIA - TÉRMINO DE MATERIA |
| Término de materia o nombre geográfico como elemento inicial |
Llibertat d'informació |
| 9 (RLIN) |
1574 |
| 942 ## - ENTRADA DE ELEMENTOS AGREGADOS (KOHA) |
| Koha [por defecto] tipo de item |
Fullets |
| Fuente de clasificaión o esquema |
|